| 000 | 00787cam a22002657a 4500 | ||
|---|---|---|---|
| 003 | CHAP | ||
| 005 | 20220329141117.0 | ||
| 008 | 971014s1883 r 00010 d | ||
| 010 | _a62714 | ||
| 011 | _a63686 | ||
| 035 | _a67863 | ||
| 040 | _cCHAP | ||
| 082 |
_a636.0895 _bC4 |
||
| 100 | 0 | 0 |
_aChamberland, Ch. _921764 |
| 245 | 1 | 3 | _aLe charbon et la vaccination charbonneuse d'apres les travaus récents de M. Pasteur |
| 260 |
_aParis : _bBernard Trignol, _c1883 |
||
| 300 |
_a316 p. _b: ilus. |
||
| 590 |
_aBATCH-UPD _b10 _c20130110 _lUCH01 _h2127 |
||
| 590 |
_aCONVERSION _b10 _c20130109 _lUCH01 _h1334 |
||
| 650 | 1 | 4 |
_aFiebre carbonosa. _940740 |
| 650 | 1 | 4 |
_aPasteur, Louis. _985911 |
| 901 | _aBK | ||
| 942 | _cLIBRO | ||
| 949 |
_a636.0895 C4 _bBC _cBPP _d-154131 _eBPP _h27750 _i67863 _si |
||
| 999 |
_c62714 _d62714 |
||